Κατάλογος Βιβλιοθηκών Mediterranean College

Applied Economics / A Manual for Students Preparing for the Applied Economics Examination of the Association of Business Executives (Record no. 1242)

MARC details
000 -LEADER
fixed length control field 00908cam a22001934a 4500
005 - ΗΜΕΡΟΜΗΝΙΑ ΚΑΙ ΩΡΑ ΤΕΛΕΥΤΑΙΑΣ ΕΝΗΜΕΡΩΣΗΣ
Πεδίο ελέγχου 20250605164002.0
008 - FIXED-LENGTH DATA ELEMENTS--GENERAL INFORMATION
Πεδίο ελέγχου σταθερού μήκους 250528s ||||||||||||||||||||||||d
035 ## - SYSTEM CONTROL NUMBER
System control number 15680
020 ## - ISBN
ISBN 907026958
040 ## - ΠΗΓΗ ΚΑΤΑΛΟΓΟΓΡΑΦΗΣΗΣ
Φορέας πρωτότυπης καταλογογράφησης MC Athens Campus Library
Γλώσσα καταλογογράφησης Ελληνικά, Μοντέρνα (1453-)
Modifying agency MC Athens Campus Library
Κανόνες περιγραφικής καταλογογράφησης AACR2
245 1# - ΤΙΤΛΟΣ ΚΑΙ ΔΗΛΩΣΗ ΥΠΕΥΘΥΝΟΤΗΤΑΣ
Τίτλος Applied Economics / A Manual for Students Preparing for the Applied Economics Examination of the Association of Business Executives
260 ## - PUBLICATION, DISTRIBUTION, ETC.
Name of publisher, distributor, etc. Emile Woolf And Associates Ltd,
Date of publication, distribution, etc. 1982
300 ## - PHYSICAL DESCRIPTION
Extent 220
520 ## - SUMMARY, ETC.
Summary, etc. Including Tutorial Questions and Suggested Solutions. Preface, National Income and Its Determination, The Economic Role of Government, Goals of Economic Policy, Unemployment, Inflation, Economic Growth and Technological Change, Money and Banking, International Trade, Tutorial Questions, Answers to Tutorial Questions.
710 2# - ΠΡΟΣΘΕΤΗ ΑΝΑΓΡΑΦΗ--ΣΥΛΛΟΓΙΚΟ ΟΡΓΑΝΟ
Corporate name or jurisdiction name as entry element Association of Business Executives
9 (RLIN) 9722
942 ## - ADDED ENTRY ELEMENTS (KOHA)
Koha item type Books
Holdings
Τύπος τεκμηρίου Βιβλιοθήκη Τρέχουσα τοποθεσία Barcode Αριθμός εισαγωγής Ημερομηνία απόκτησης Ταξιθετικό σύμβολο Αριθμός αντιτύπου Κατάσταση απόσυρσης Κατάσταση χαμένου Κατάσταση κατεστραμμένου Μη δανεισμός Σύνολο δανεισμών Ημερομηνία τελευταίας εμφάνισης Η τιμή ισχύει από
Books MC Athens Campus Library MC Athens Campus Library 9780000012418 2035 05/06/2025 330 ABE 1           05/06/2025 05/06/2025

MC Athens Campus Library
Πατησίων 94 & Κοδριγκτώνος 13, 104 34
Πελλήνης 8 & Πατησίων 107, 112 51
Τ: +30 210 8899600

MC Thessaloniki Campus Library
Ίωνος Δραγούμη 21, 54625 | Ίωνος Δραγούμη 15, 54625
Τ: +30 2310 287779 – Τ: +30 2314 440300